Statistiques concernant Clubs de football français (Ligue 1 et Ligue 2, saison 2015-2016)

Cliquez ici pour prendre le quiz!

Statistiques générales

  • Ce quiz a été pris 1 243 fois
  • Le résultat moyen est 29 sur 40

Statistiques - réponses

Nom de la ville% Correct
Marseille
99%
Paris SG
99%
Lyon
98%
Bordeaux
94%
Monaco
94%
Lille
93%
Rennes
93%
Nice
91%
Saint-Étienne
91%
Toulouse
91%
Lens
90%
Nantes
90%
Montpellier
85%
Metz
82%
Brest
81%
Lorient
81%
Bastia
80%
Angers
79%
Reims
78%
Auxerre
76%
Troyes
70%
Caen
69%
Clermont
69%
Guingamp
69%
Nancy
69%
Dijon
68%
Sochaux
68%
Le Havre
67%
Nîmes
67%
Paris FC
66%
Valenciennes
57%
Évian
53%
Red Star
49%
Tours
46%
Niort
44%
GFC Ajaccio
43%
Laval
43%
AC Ajaccio
32%
Créteil
21%
Bourg-en-Bresse
19%

Distribution des résultats

Percentile par nombre de réponses

% des personnes avec chaque résultat

Votre développement - résultats

Vous n’avez pas pris ce quiz